00405nam a2200121Ia 4500008004100000020002200041245011900063260002100182300001400203650002100217980003000238999001500268151021s9999 xx 000 0 und d a9.7892415983e+012 a_WHOmonograph on intergratedmonitoring of tuberclosis and human immunodeficiency virus a case study of malawi WHO  aGeneva WHO 2009  avii,67p.  a_ART monitoring  a^d20110617 11:49:11^oanne c7350d7350